LIBRARY & INFORMATION CENTRE, KCAET, TAVANUR

ONLINE PUBLIC ACCESS CATALOGUE (OPAC)

Ratrani / (Record no. 11629)

MARC details
000 -LEADER
fixed length control field 00387cam a2200157ua 4500
041 ## - LANGUAGE CODE
Language code of text/sound track or separate title eng
082 ## - DEWEY DECIMAL CLASSIFICATION NUMBER
Classification number 891.54
Item number LAK/RA
100 ## - MAIN ENTRY--AUTHOR NAME
Personal name Lakshmi narayan LAL, .
245 ## - TITLE STATEMENT
Title Ratrani /
260 ## - PUBLICATION, DISTRIBUTION, ETC. (IMPRINT)
Place of publication :
Name of publisher National pub house ,
Year of publication 1966.
300 ## - PHYSICAL DESCRIPTION
Number of Pages 137 ; .

No items available.

free website counter